000 01649nam a2200253Ia 4500
003 Ost
005 20260507075211.0
008 260507s9999||||xx |||||||||||||| ||und||
020 _a82912299579
040 _cfsecg
041 _aara
082 _a330
100 _aالنواعرة، أحمد
_eمؤلف
245 0 _aالاتصال و التسويق بين النظرية و التطبيق /
_c أحمد النواعرة
260 _aعمان:
_bدار اسامة,
_c2009
300 _a312 صفحة؛
_c24 سم
504 _aمراجع ص.311 (إقتنيت سنة 2010 ب:10 نسخ) (2014 -03 نسخ)
520 _aماهية الاتصال ، مقومات و معوقات الاتصال الفعال ، الاتصالات الادارية ، دور وسائل الاتصال في العلاقات العامة ، ماهية التسويق و الوظائف التسويقية ، نظرة البع ، الشراء و نظرة التسويق ، المعلومات التسويقية و بحوث التسويق ، تجزئة السوق ، مهارات الاتصالات التسويقية المميزة ، تخطيط استراتيجيات المزيج الاتصالي التسويقي ، وسائل و عناصر الاتصالات التسويقية ، فاعلية الاتصالات التسويقية ، مفاهيم الاتصالات التسويقية المميزة ، الاتصال الالكتروني في التجارة و التسويق .
653 _aالاتصال
653 _aالاتصال الجماهيري
653 _aالإتصالات الإدارية
653 _aالتسويق
942 _cكتاب
999 _c43467
_d43467